Statistics for Famous Military Members (Fictional and Non-fictional)

Click here to take the quiz!

General Stats

  • This quiz has been taken 27 times
  • The average score is 5 of 8

Answer Stats

HintAnswer% Correct
The first U.S. president.Gen. Washington
92%
Creator of KFC.Col. Sanders
79%
Fake character associated with a 1967 Beatles album that has his name.Sgt Pepper
75%
Traitor to the Patriots during the American Revolution.Cpt. Benedict Arnold
63%
"It's a trap!"Admiral Ackbar
58%
Iron-Man's best friend and sidekick.Col. Rhodes/War Machine
54%
The Star-Spangled Man with a Plan.Cpt. America
54%
Character that is a General Mills cereal.Cpt. Crunch
38%

Score Distribution

Percentile by Number Answered

Percent of People with Each Score

Your Score History

You have not taken this quiz